| 000 | 02141cam a22004934i 4500 | ||
|---|---|---|---|
| 003 | PE-LiUPU | ||
| 005 | 20250731172821.0 | ||
| 008 | 150617s r 000 0 d | ||
| 020 | _a8470572792 | ||
| 035 | _a(Sirsi) i9788470572791 | ||
| 040 |
_aPE-LiUPU _bspa _cPE-LiUPU _erda |
||
| 049 | _aPRUA | ||
| 082 | 0 | 4 |
_a273.9 _bB26 _221 |
| 100 | 1 |
_aBaum, Gregory, _eautor. |
|
| 245 | 1 | 0 |
_aReligión y alienación : _blectura teológica de la socicología / _cGregory Baum ; [lo tradujo del inglés J. Valiente Malla]. |
| 264 | 1 |
_aMadrid : _bEdiciones Cristiandad, _c1980. |
|
| 300 |
_a318 páginas ; _c20 centímetros |
||
| 336 |
_atext _2rdacontent |
||
| 337 |
_aunmediated _2rdamedia |
||
| 338 |
_avolume _2rdacarrier |
||
| 490 | 0 |
_aAcademia Cristiana ; _v8 |
|
| 505 | 0 | _aLa religión como fuente de alienación: El joven Hegel. -La religión como producto de la alienación el joven Marx. -Alienación en la sociedad industrial: Ferdinand Toennies. -Ambigüedad de la religión: Explicación bíblica. -Ambigüedad de la religión: Explicación sociológica. -El descubrimiento del símbolo: Freud y Durkheim. -El debate de la secularización. -La religión creadora: Perspectiva de Max Weber. -Teoría crítica. -Desprivatización del psicoanálisis: Una digresión. -Símbolo y teología. -El cielo como utopía revelada. | |
| 526 | _aSEG42 | ||
| 526 | _aSEG41 | ||
| 526 | _aSEG40 | ||
| 526 | _aSEG39 | ||
| 526 | _aP94 | ||
| 526 | _aP87 | ||
| 526 | _aP86 | ||
| 526 | _aP85 | ||
| 526 | _aP77 | ||
| 526 | _aP76 | ||
| 526 | _aP35 | ||
| 650 | 0 | 4 | _aAlienación. |
| 650 | 0 | 4 |
_aSociología de la religión. _92368 |
| 700 | 1 |
_aValiente Malla, Jesús, _etraductor. |
|
| 910 |
_ajck _bjvq _cjck _d20150616 |
||
| 942 |
_2ddc _cBOOK |
||
| 949 |
_a273.9 B26 _wDEWEY _c1 _i22481 _lCCODEBUL1 _mBUL _r0 _sY _tBOOK _u2015-6-17 _xTEOLOGIA _PP35 _0COMPRA _o.STAFF. Colección General |
||
| 994 |
_aC0 _bPEPRU |
||
| 596 | _a1 | ||
| 999 |
_a273.9 B26 _wDEWEY _c4424 _i22481 _f2021-11-11 _g5 _lCCODEBUL1 _mBUL _r0 _sY _tBOOK _u2015-6-17 _xTEOLOGIA _PP35 _0COMPRA _o.STAFF. Colección General _d4424 |
||
| 980 |
_81 _gALBERTO SANCHEZ Responsable de Automatización |
||